| 000 | 01732cam a2200325 a 4500 | ||
|---|---|---|---|
| 001 | 15963981 | ||
| 003 | OSt | ||
| 005 | 20150408113917.0 | ||
| 008 | 091028s2009 enkaf b 001 0 eng | ||
| 010 | _a 2009045190 | ||
| 020 | _a9780230227132 (pbk. : alk. paper) | ||
| 020 | _a0230227139 (pbk. : alk. paper) | ||
| 035 | _a(OCoLC)ocn461324185 | ||
| 040 |
_aDLC _cDLC _dC#P _dYDXCP _dDLC |
||
| 050 | 0 | 0 |
_aPN1009.A1 _bC513826 2009 |
| 082 | 0 | 0 |
_a809.89282 _221 _bC H L |
| 245 | 0 | 0 |
_aChildren's literature : _bapproaches and territories / _cedited by Janet Maybin and Nicola J. Watson. |
| 260 |
_aHoundmills, Basingstoke, Hampshire ; _aNew York : _bPalgrave Macmillan ; _aMilton Keynes : _bOpen University, _c2009. |
||
| 300 |
_axvi, 395 p., [16] p. of plates : _bill. (some col.) ; _c24 cm. |
||
| 500 | _aThis reader, along with the companion volume Children's Literature: Classic Texts and Contemporary Trends, form part of the Open University course Children's Literature (EA300). This is a level 3 undergraduate course and forms part of the Open University BA Humanities, the BA Literature (and BA Humanities with Literature), BA English Language and Literature, and the BA Childhood and Youth Studies. | ||
| 504 | _aIncludes bibliographical references and index. | ||
| 650 | 0 |
_aChildren's literature _xHistory and criticism. _94006 |
|
| 650 | 0 |
_aYoung adult literature _xHistory and criticism. _94007 |
|
| 650 | 0 |
_aChildren _xBooks and reading. _94008 |
|
| 700 | 1 |
_aMaybin, Janet, _d1950- _94009 |
|
| 700 | 1 |
_aWatson, Nicola J., _d1958- _94010 |
|
| 906 |
_a7 _bcbc _corignew _d1 _eecip _f20 _gy-gencatlg |
||
| 942 |
_2ddc _cDVD |
||
| 999 |
_c14250 _d248750 |
||